000 nam a22 a 4500
999 _c421243
_d421243
003 BLK
005 20211030142655.0
008 210623b bu |||||r|||| 00| | bu d
040 _aBLK
041 _aFRE
_cFRE
080 _aФренска литература
_b821.133.1
_x-31
_z821.133.1-31
100 _91299
_aDeligny, Eugеne
_eпърви автор
139 _aDeligny, Eugеne
245 _aL'Hеritage d'un banquier
_cpar Eugеne Deligny
260 _9435395
_aParis
_bMichel Lévy frères
_c1867
300 _a428 p.
_c17 cm
380 _aX
490 _9435080
_aКолекция Редки и ценни издания
852 _aРф 867
942 _cKNG
_n0
_s1
944 _aCR
_c2021-06-23
_kГГГ
999 _d421243